[Event "Katowice rapid op"]
[Site "Katowice"]
[Date "2025.05.31"]
[Round "10"]
[White "Ladanyi, Tibor"]
[Black "Gula, Grzegorz"]
[Result "1-0"]
[WhiteElo "2034"]
[BlackElo "1818"]
[PlyCount "105"]
[EventDate "2025.05.31"]
[EventType "swiss"]
[EventRounds "11"]
[EventCountry "POL"]
[SourceTitle "CB24_2025"]
[SourceDate "2025.06.11"]
[SourceVersion "1"]
[SourceVersionDate "2025.06.11"]
[SourceQuality "1"]

1. d4 Nf6 2. c4 c5 3. d5 e6 4. Nc3 exd5 5. cxd5 d6 6. e4 a6 7. a4 g6 8. Nf3 Bg4 9. Be2 Bxf3 10. Bxf3 Bg7 11. 0-0 Nbd7 12. Be2 0-0 13. f4 c4 14. Be3 Re8 15. Bf3 Qc7 16. Kh1 h6 17. a5 Nc5 18. Bxc5 Qxc5 19. Qd2 Nd7 20. Na4 Qd4 21. Rfd1 Qa7 22. Rac1 Rac8 23. Rc2 Nf6 24. Nb6 Rc5 25. Re1 c3 26. bxc3 Rxa5 27. Nc4 Ra4 28. Nxd6 Re7 29. Nc8 Qc5 30. Nxe7+ Qxe7 31. e5 Nd7 32. c4 Nc5 33. d6 Qd7 34. Bd5 Ra3 35. Rc3 Ra4 36. Rce3 Ne6 37. g3 b5 38. f5 gxf5 39. cxb5 axb5 40. Qc2 f4 41. gxf4 Nxf4 42. e6 Nxe6 43. Rxe6 Rd4 44. Re8+ Bf8 45. Qg2+ Rg4 46. Qf3 h5 47. Rf1 Kg7 48. Qxf7+ Qxf7 49. Rxf7+ Kg6 50. Rfxf8 Rd4 51. Re5 b4 52. d7 Rd1+ 53. Kg2 1-0

[Event "Katowice rapid op"]
[Site "Katowice"]
[Date "2025.05.31"]
[Round "8"]
[White "Skiba, Krzysztof"]
[Black "Ladanyi, Tibor"]
[Result "1-0"]
[WhiteElo "1848"]
[BlackElo "2034"]
[PlyCount "116"]
[EventDate "2025.05.31"]
[EventType "swiss"]
[EventRounds "11"]
[EventCountry "POL"]
[SourceTitle "CB24_2025"]
[SourceDate "2025.06.11"]
[SourceVersion "1"]
[SourceVersionDate "2025.06.11"]
[SourceQuality "1"]

1. d4 Nf6 2. Bf4 b6 3. Nc3 Bb7 4. Nf3 e6 5. e3 Be7 6. Bd3 d5 7. 0-0 0-0 8. Ne5 c5 9. Be2 Nfd7 10. Bf3 Nxe5 11. Bxe5 Nc6 12. Bg3 cxd4 13. exd4 Bf6 14. Ne2 Ba6 15. c3 Rc8 16. Re1 Bxe2 17. Qxe2 Na5 18. Rad1 Qd7 19. Qc2 Be7 20. Re5 Bd6 21. Rh5 g6 22. Rh3 Bxg3 23. hxg3 Nc4 24. Qc1 f5 25. Re1 Nd6 26. Qh6 Ne4 27. g4 Rc7 28. Bd1 Nxf2 29. Rg3 Nxd1 30. Rxd1 fxg4 31. Rxg4 Qf7 32. Kh2 Qf5 33. Rh4 Rcf7 34. Re1 Rg7 35. Re5 Qf6 36. Rh3 g5 37. Qxf6 Rxf6 38. Rhe3 Rgg6 39. Kg3 h5 40. b3 b5 41. a4 a6 42. axb5 axb5 43. c4 bxc4 44. bxc4 dxc4 45. Rc5 Rf5 46. Rxc4 Rd5 47. Re4 Kf7 48. Rc7+ Kf6 49. Rc6 Ke7 50. Kf3 Kd7 51. Ra6 Rf6+ 52. Ke3 Rh6 53. Ra7+ Kd6 54. Ra6+ Kd7 55. Kd3 Rf6 56. Kc4 Rh6 57. Re3 Rf6 58. Rb3 Rf8 1-0

[Event "Budapest FS12 U2250"]
[Site "Budapest"]
[Date "2024.12.13"]
[Round "8"]
[White "Ladanyi, Tibor"]
[Black "Kahn, Evarth"]
[Result "1/2-1/2"]
[WhiteElo "2054"]
[BlackElo "1980"]
[PlyCount "60"]
[EventDate "2024.12.07"]
[EventType "swiss"]
[EventRounds "9"]
[EventCountry "HUN"]
[SourceTitle "CB14_2025"]
[SourceDate "2024.11.01"]
[SourceVersion "1"]
[SourceVersionDate "2024.11.01"]
[SourceQuality "1"]

1. e4 e5 2. Nf3 Nf6 3. Nxe5 d6 4. Nf3 Nxe4 5. d4 d5 6. Bd3 Bd6 7. 0-0 0-0 8. c3 c6 9. Nbd2 Nxd2 10. Bxd2 Nd7 11. Qc2 Nf6 12. h3 h6 13. a3 Re8 14. Rfe1 Rxe1+ 15. Rxe1 Qf8 16. b4 Bd7 17. Qb1 Re8 18. Rxe8 Qxe8 19. Qe1 Qxe1+ 20. Bxe1 a6 21. Kf1 Kf8 22. Ke2 Ke7 23. Bd2 Ne8 24. a4 Nc7 25. Be3 Ne6 26. Kd2 Bf4 27. Ke2 Bxe3 28. Kxe3 f6 29. h4 Nc7 30. g3 Ne6 1/2-1/2

[Event "Budapest FS12 U2250"]
[Site "Budapest"]
[Date "2024.12.12"]
[Round "6"]
[White "Ladanyi, Tibor"]
[Black "Liu, Meng"]
[Result "1/2-1/2"]
[WhiteElo "2054"]
[BlackElo "1991"]
[PlyCount "143"]
[EventDate "2024.12.07"]
[EventType "swiss"]
[EventRounds "9"]
[EventCountry "HUN"]
[SourceTitle "CB14_2025"]
[SourceDate "2024.11.01"]
[SourceVersion "1"]
[SourceVersionDate "2024.11.01"]
[SourceQuality "1"]

1. d4 Nf6 2. c4 e6 3. Nc3 Bb4 4. Nf3 b6 5. e3 Bb7 6. Bd3 0-0 7. 0-0 c5 8. Bd2 cxd4 9. Nxd4 Nc6 10. Nxc6 Bxc6 11. Qe2 Qb8 12. e4 d6 13. Rad1 Bxc3 14. Bxc3 e5 15. Rd2 Rd8 16. Rfd1 Qc7 17. Bc2 Rac8 18. Bb4 Ne8 19. b3 Qe7 20. a4 a5 21. Ba3 Qc7 22. Rd3 Rd7 23. R1d2 Rcd8 24. Rg3 g6 25. h4 Ng7 26. h5 Ne6 27. Qg4 Re8 28. Rf3 Nd4 29. Rg3 Qd8 30. Bb2 Ne6 31. Ba3 Qf6 32. hxg6 hxg6 33. Rf3 Qe7 34. Rfd3 Red8 35. Kf1 Kg7 36. Kg1 Nf4 37. Rg3 Rh8 38. Qg5 f6 39. Qg4 Rdd8 40. Qd1 Rh6 41. Rxd6 Rdh8 42. Rh3 Nxh3+ 43. gxh3 Be8 44. Rc6 Qxa3 45. Rc7+ Bf7 46. Rxf7+ Kxf7 47. Qd5+ Ke7 48. Qb7+ Ke6 49. Qd5+ Ke7 50. Qb7+ Ke8 51. Qa8+ Ke7 52. Qb7+ Kd6 53. Qxb6+ Ke7 54. Qb7+ Kd6 55. Qb6+ Kd7 56. Qb7+ Kd8 57. Qb8+ Ke7 58. Qb7+ Kf8 59. Qa8+ Ke7 60. Qb7+ Kf8 61. Qa8+ Kf7 62. Qd5+ Kf8 63. Qa8+ Ke7 64. Qb7+ Kd6 65. Qb6+ Kd7 66. Qb7+ Kd8 67. Qb8+ Ke7 68. Qb7+ Kf8 69. Qa8+ Kg7 70. Qb7+ Kg8 71. Qd5+ Kg7 72. Qb7+ 1/2-1/2

[Event "Budapest FS12 U2250"]
[Site "Budapest"]
[Date "2024.12.11"]
[Round "5"]
[White "Heran Boily, Samuel"]
[Black "Ladanyi, Tibor"]
[Result "0-1"]
[WhiteElo "1896"]
[BlackElo "2054"]
[PlyCount "83"]
[EventDate "2024.12.07"]
[EventType "swiss"]
[EventRounds "9"]
[EventCountry "HUN"]
[SourceTitle "CB14_2025"]
[SourceDate "2024.11.01"]
[SourceVersion "1"]
[SourceVersionDate "2024.11.01"]
[SourceQuality "1"]

1. e4 c5 2. Nf3 Nc6 3. Bb5 e6 4. 0-0 Nge7 5. Re1 Ng6 6. c3 a6 7. Ba4 b5 8. Bc2 Bb7 9. d4 cxd4 10. cxd4 Bb4 11. Bd2 Bxd2 12. Nbxd2 0-0 13. Rc1 Qb6 14. Nf1 Rac8 15. Bb1 Nce7 16. Rxc8 Bxc8 17. Ng3 Bb7 18. h4 f5 19. h5 fxe4 20. Nxe4 Nf4 21. g3 Nxh5 22. Ne5 Nf6 23. Nxf6+ Rxf6 24. Nxd7 Rh6 25. Be4 Bxe4 26. Rxe4 Qc6 27. Nc5 Nf5 28. g4 Nd6 29. g5 Rh3 30. Qg4 Nxe4 31. Qxh3 Nxg5 32. Qe3 Qd5 33. Nxa6 Nf3+ 34. Kf1 Nxd4 35. Kg1 Nf3+ 36. Kf1 Nd4 37. Kg1 Nf3+ 38. Kf1 h6 39. Qb6 Qd1+ 40. Kg2 Nh4+ 41. Kh3 Qf1+ 42. Kxh4 0-1

[Event "Budapest FS12 U2250"]
[Site "Budapest"]
[Date "2024.12.09"]
[Round "3"]
[White "Nagy, Ervin"]
[Black "Ladanyi, Tibor"]
[Result "0-1"]
[WhiteElo "2092"]
[BlackElo "2054"]
[PlyCount "94"]
[EventDate "2024.12.07"]
[EventType "swiss"]
[EventRounds "9"]
[EventCountry "HUN"]
[SourceTitle "CB14_2025"]
[SourceDate "2024.11.01"]
[SourceVersion "1"]
[SourceVersionDate "2024.11.01"]
[SourceQuality "1"]

1. e4 c5 2. Nf3 Nc6 3. d4 cxd4 4. Nxd4 Nf6 5. Nc3 e5 6. Ndb5 d6 7. Nd5 Nxd5 8. exd5 Nb8 9. a4 Be7 10. Be2 0-0 11. 0-0 Bf5 12. Bd2 Nd7 13. a5 a6 14. Na3 Bg6 15. Nc4 Rc8 16. f4 exf4 17. Bxf4 Nf6 18. c3 Rc5 19. Qb3 Rb5 20. Qa4 Nxd5 21. Bg3 Nf6 22. b4 Ne4 23. Be1 Bf6 24. Rc1 Rg5 25. Qd1 d5 26. Nb6 d4 27. h4 Rf5 28. h5 Rxf1+ 29. Bxf1 Bf5 30. Qf3 Nd6 31. Rd1 Bc2 32. Rc1 Be4 33. Qh3 Nf5 34. Bd3 Bxd3 35. Qxd3 Nh6 36. c4 Bg5 37. Bd2 Bxd2 38. Qxd2 Qh4 39. Qf2 Qxh5 40. Qxd4 Ng4 41. Re1 Qh2+ 42. Kf1 Qh1+ 43. Qg1 Qh4 44. g3 Qf6+ 45. Kg2 Qb2+ 46. Kf3 Nh2+ 47. Ke4 Re8+ 0-1

[Event "Budapest FS12 U2250"]
[Site "Budapest"]
[Date "2024.12.08"]
[Round "2"]
[White "Ladanyi, Tibor"]
[Black "Madanasri, Gundala"]
[Result "1-0"]
[WhiteElo "2054"]
[BlackElo "1960"]
[PlyCount "115"]
[EventDate "2024.12.07"]
[EventType "swiss"]
[EventRounds "9"]
[EventCountry "HUN"]
[SourceTitle "CB14_2025"]
[SourceDate "2024.11.01"]
[SourceVersion "1"]
[SourceVersionDate "2024.11.01"]
[SourceQuality "1"]

1. d4 d5 2. c4 e6 3. Nc3 Nf6 4. cxd5 exd5 5. Bg5 Be7 6. e3 c6 7. Qc2 0-0 8. Bd3 Nbd7 9. Nge2 Re8 10. 0-0 Nf8 11. Rad1 Nh5 12. Bxe7 Qxe7 13. Rfe1 Bg4 14. h3 Be6 15. g4 Nf6 16. f3 Ng6 17. Ng3 Qd6 18. Qf2 b5 19. Nf5 Bxf5 20. gxf5 Nf8 21. e4 dxe4 22. fxe4 Nh5 23. e5 Qh6 24. Re4 Nd7 25. Rde1 Nb6 26. Rh4 g5 27. Rg4 Kh8 28. Ne4 Rg8 29. Kh2 Nf4 30. Qg3 Nh5 31. Qf3 Rad8 32. Reg1 f6 33. Nc5 Nf4 34. Ne6 Nxe6 35. fxe6 fxe5 36. e7 Rde8 37. Qf7 Qg7 38. Qh5 Qxe7 39. dxe5 Qxe5+ 40. R1g3 Qxb2+ 41. Rg2 Qe5+ 42. Kh1 Qc7 43. Rf2 Qd7 44. Rd4 Re1+ 45. Kg2 Nd5 46. Rf7 Nf4+ 47. Kh2 Nxh5 48. Rdxd7 Ng7 49. Rxa7 Re3 50. Rad7 Re6 51. a3 Rh6 52. Kg3 c5 53. Be4 c4 54. Rfe7 Ra6 55. Bd5 Re8 56. Rxg7 Rh6 57. Rde7 Rxe7 58. Rg8# 1-0

[Event "Budapest FS12 U2250"]
[Site "Budapest"]
[Date "2024.12.07"]
[Round "1"]
[White "Sadbhav, Rautela"]
[Black "Ladanyi, Tibor"]
[Result "0-1"]
[WhiteElo "1882"]
[BlackElo "2054"]
[PlyCount "75"]
[EventDate "2024.12.07"]
[EventType "swiss"]
[EventRounds "9"]
[EventCountry "HUN"]
[SourceTitle "CB14_2025"]
[SourceDate "2024.11.01"]
[SourceVersion "1"]
[SourceVersionDate "2024.11.01"]
[SourceQuality "1"]

1. e4 c5 2. Nf3 Nc6 3. Bb5 e6 4. 0-0 Nge7 5. d4 cxd4 6. Nxd4 Qb6 7. Nxc6 bxc6 8. Bd3 Ng6 9. c4 e5 10. Nc3 d6 11. Na4 Qc7 12. c5 Be6 13. Be3 d5 14. exd5 Bxd5 15. Nc3 Be6 16. b4 Be7 17. b5 0-0 18. b6 Qb7 19. a4 a5 20. Qc2 f5 21. f3 Nf4 22. Rfe1 Nxd3 23. Qxd3 Rad8 24. Qe2 Bf6 25. Ra3 Qf7 26. Nb1 Bc4 27. Qc2 e4 28. Nd2 Bd3 29. Qa2 Rd5 30. Nc4 f4 31. Bxf4 Bd4+ 32. Be3 Bxc4 33. Qxc4 exf3 34. Rf1 Qg6 35. Qa2 Qe4 36. Bxd4 Qxd4+ 37. Qf2 fxg2 38. Qxd4 0-1

[Event "Budapest FS09 U2250"]
[Site "Budapest"]
[Date "2024.09.10"]
[Round "4.3"]
[White "Farago, Sandor"]
[Black "Ladanyi, Tibor"]
[Result "1-0"]
[WhiteElo "2040"]
[BlackElo "1998"]
[PlyCount "129"]
[EventDate "2024.09.07"]
[EventType "swiss"]
[EventRounds "9"]
[EventCountry "HUN"]
[SourceTitle "EXT 2025"]
[Source "ChessBase"]
[SourceDate "2024.10.14"]
[SourceVersion "1"]
[SourceVersionDate "2024.10.14"]
[SourceQuality "1"]

1. e4 c5 2. Nf3 Nc6 3. Nc3 e5 4. Bc4 d6 5. h3 g6 6. d3 h6 7. a3 Bg7 8. Rb1 Nge7 9. b4 0-0 10. 0-0 Kh7 11. Bd2 f5 12. exf5 gxf5 13. Ng5+ Kg6 14. Ne6 Bxe6 15. Bxe6 cxb4 16. Nd5 Rb8 17. axb4 Nxd5 18. Bxd5 Ne7 19. Bf3 d5 20. c4 Qd7 21. b5 e4 22. Bh5+ Kh7 23. cxd5 Nxd5 24. dxe4 fxe4 25. Qg4 Qxg4 26. Bxg4 Rbd8 27. Rb3 Bd4 28. g3 Kg6 29. Kg2 Rde8 30. Bc1 Bb6 31. h4 h5 32. Be2 Nf6 33. f3 e3 34. Rd1 Rd8 35. Rdd3 Rxd3 36. Rxd3 Re8 37. Kf1 Bc5 38. g4 hxg4 39. fxg4 Ne4 40. Kg2 Nd6 41. Rd5 b6 42. h5+ Kh7 43. g5 Rf8 44. Bd3+ Kg8 45. Bxe3 Bxe3 46. Rxd6 Rf2+ 47. Kg3 Bf4+ 48. Kxf2 Bxd6 49. Kf3 Ba3 50. h6 Bc1 51. Kg4 Bd2 52. Kh5 Bc3 53. Bc4+ Kf8 54. g6 Be5 55. g7+ Bxg7 56. hxg7+ Kxg7 57. Kg5 Kf8 58. Kf6 Ke8 59. Ke6 Kd8 60. Kd6 Kc8 61. Kc6 Kb8 62. Be6 Ka8 63. Kc7 a6 64. bxa6 b5 65. Kb6 1-0

[Event "Budapest FS08 op"]
[Site "Budapest"]
[Date "2024.08.08"]
[Round "6"]
[White "Ladanyi, Tibor"]
[Black "Cong, Dingzhou"]
[Result "1/2-1/2"]
[WhiteElo "2005"]
[BlackElo "2074"]
[PlyCount "58"]
[EventDate "2024.08.03"]
[EventType "swiss"]
[EventRounds "9"]
[EventCountry "HUN"]
[SourceTitle "EXT 2025"]
[Source "ChessBase"]
[SourceDate "2024.10.14"]
[SourceVersion "1"]
[SourceVersionDate "2024.10.14"]
[SourceQuality "1"]

1. d4 d5 2. c4 c6 3. Nf3 Nf6 4. Nc3 e6 5. e3 Nbd7 6. Qc2 Bd6 7. g4 h6 8. Rg1 e5 9. Be2 e4 10. Nd2 Nf8 11. Qb3 Qb6 12. cxd5 Qxb3 13. Nxb3 cxd5 14. h4 g5 15. h5 Bd7 16. f3 Ne6 17. Bd2 0-0 18. 0-0-0 a5 19. a4 Bb4 20. Nb5 Rfc8+ 21. Kb1 exf3 22. Bxf3 Bxd2 23. Nxd2 Bxb5 24. axb5 b6 25. Rc1 Kf8 26. Rgf1 Ke7 27. Be2 Ne8 28. Bf3 Nf6 29. Be2 Ne8 1/2-1/2

[Event "Budapest FS08 op"]
[Site "Budapest"]
[Date "2024.08.06"]
[Round "4"]
[White "Hradeczky, Tamas"]
[Black "Ladanyi, Tibor"]
[Result "1/2-1/2"]
[WhiteElo "1847"]
[BlackElo "2005"]
[PlyCount "67"]
[EventDate "2024.08.03"]
[EventType "swiss"]
[EventRounds "9"]
[EventCountry "HUN"]
[SourceTitle "EXT 2025"]
[Source "ChessBase"]
[SourceDate "2024.10.14"]
[SourceVersion "1"]
[SourceVersionDate "2024.10.14"]
[SourceQuality "1"]

1. d4 Nf6 2. Nf3 g6 3. c4 Bg7 4. Nc3 d5 5. cxd5 Nxd5 6. Qb3 Nb6 7. Bf4 0-0 8. e3 Be6 9. Qa3 Nc6 10. Be2 Nc4 11. Qa4 Nb6 12. Qb5 a6 13. Qc5 Nd5 14. Nxd5 Bxd5 15. 0-0 Rc8 16. b4 Nb8 17. Qc2 Nd7 18. e4 Bc6 19. a4 Nf6 20. d5 Nh5 21. Be5 Be8 22. Bxg7 Nxg7 23. Nd4 Bd7 24. b5 a5 25. Nb3 b6 26. Rac1 e5 27. Qb2 Qe7 28. Nd2 Ne8 29. Nc4 f6 30. Rc3 Nd6 31. Qa3 Kf7 32. Nxd6+ cxd6 33. Rfc1 Rc5 34. Rxc5 1/2-1/2

[Event "HUN-chT2 Barcza 2324"]
[Site "Hungary"]
[Date "2024.03.03"]
[Round "5.5"]
[White "Ladanyi, Tibor"]
[Black "Nadasi, Endre"]
[Result "1-0"]
[WhiteElo "1953"]
[BlackElo "1962"]
[PlyCount "51"]
[EventDate "2023.10.08"]
[EventType "team-tourn"]
[EventRounds "9"]
[EventCountry "HUN"]
[SourceTitle "EXT 2025"]
[Source "ChessBase"]
[SourceDate "2024.10.14"]
[SourceVersion "1"]
[SourceVersionDate "2024.10.14"]
[SourceQuality "1"]
[WhiteTeam "Edeleny"]
[BlackTeam "Lillafured DVTK II"]
[WhiteTeamCountry "HUN"]
[BlackTeamCountry "HUN"]

1. d4 d5 2. c4 c6 3. Nf3 Nf6 4. Nc3 e6 5. e3 Nbd7 6. Qc2 Be7 7. g4 h6 8. Rg1 Qc7 9. h4 dxc4 10. Bxc4 b5 11. Be2 a6 12. g5 hxg5 13. hxg5 Nh5 14. g6 f5 15. Rh1 Bb7 16. Ne5 Nxe5 17. dxe5 Qxe5 18. Rxh5 0-0-0 19. Bd2 Rxh5 20. Bxh5 Rh8 21. Bf3 Qh2 22. Ke2 b4 23. Rh1 Qxh1 24. Bxh1 Rxh1 25. Na4 Rg1 26. Qc4 1-0

[Event "Budapest FS03 FM"]
[Site "Budapest"]
[Date "2024.03.02"]
[Round "1"]
[White "Ladanyi, Tibor"]
[Black "Bacsi, Andras"]
[Result "1-0"]
[WhiteElo "1953"]
[BlackElo "1771"]
[PlyCount "59"]
[EventDate "2024.03.02"]
[EventType "swiss"]
[EventRounds "9"]
[EventCountry "HUN"]
[SourceTitle "CBM 219 Extra"]
[Source "ChessBase"]
[SourceDate "2024.05.31"]
[SourceVersion "1"]
[SourceVersionDate "2024.05.31"]
[SourceQuality "1"]

1. d4 Nf6 2. c4 e6 3. Nc3 Bb4 4. Nf3 c5 5. g3 0-0 6. Bg2 d5 7. cxd5 exd5 8. 0-0 Nc6 9. Bg5 Be6 10. Rc1 c4 11. Ne5 Bxc3 12. bxc3 h6 13. Bxf6 Qxf6 14. f4 Rad8 15. Rb1 Bc8 16. e4 dxe4 17. Bxe4 Nxe5 18. fxe5 Qg5 19. Qf3 b6 20. Rf2 Qe7 21. Re1 Kh8 22. Bb1 Be6 23. h4 Bd5 24. Qh5 f6 25. e6 Qe8 26. Bg6 Qe7 27. Bb1 Qe8 28. Qf5 g6 29. Qxg6 Qxg6 30. Bxg6 1-0